000 00398nam a2200109Ia 4500
008 160909s9999 xx 000 0 und d
100 _aSenaga, Karen Aki
245 _aTasteless, cheap, and southern? The rise and decline of the farm-raised catfish industry
260 _bMississippi State University
_c2016
650 _aCULINARY
856 _uhttp://pqdtopen.proquest.com/doc/1784302500.html?FMT=ABS
999 _c304965
_d304965